书目信息 |
| 题名: |
大唐盛世的回声
|
|
| 作者: | 张蕴 著 | |
| 分册: | ||
| 出版信息: | 重庆 重庆出版社 2006.05 |
|
| 页数: | 139页 | |
| 开本: | 23cm | |
| 丛书名: | 博古架丛书 | |
| 单 册: | ||
| 中图分类: | K878.84 | |
| 科图分类: | ||
| 主题词: | 唐墓--tang mu--墓葬 (考古)--太原市--通俗读物 | |
| 电子资源: | ||
| ISBN: | 7-5366-7713-8 | |
| 000 | 00961nam 2200253 450 | |
| 001 | 012007219484 | |
| 005 | 20070921095405.93 | |
| 010 | @a7-5366-7713-8@dCNY21.80 | |
| 100 | @a20070818d2006 km y0chiy0120 ea | |
| 101 | 0 | @achi |
| 102 | @aCN@b500000 | |
| 105 | @aa z 000yy | |
| 200 | 1 | @a大唐盛世的回声@Ada tang sheng shi de hui sheng@e图说“让皇帝”李宪墓@f张蕴著@Fzhang yun zhu |
| 210 | @a重庆@c重庆出版社@d2006.05 | |
| 215 | @a139页@c图@d23cm | |
| 225 | 2 | @a博古架丛书@Abo gu jia cong shu@i古墓系列 |
| 330 | @a本书是一部图文并茂的通俗性考古学读本。它将我们带入大唐太子、“让皇帝”李宪的幽冥地宫,让读者零距离地过一把“后宫佳丽三千人”的桃花瘾,去重拾大唐盛世的华彩乐章。 | |
| 410 | 0 | @12001 @a博古架丛书@i古墓系列 |
| 517 | 1 | @a图说让皇帝李宪墓@Atu shuo rang huang di li xian mu |
| 606 | 0 | @a唐墓@Atang mu@x墓葬 (考古)@y太原市@j通俗读物 |
| 690 | @aK878.84@v4 | |
| 701 | 0 | @a张蕴@Azhang yun@4著 |
| 801 | 0 | @aCN@c20070921 |
| 905 | @dK878.84@eZ235 | |
| 大唐盛世的回声:图说“让皇帝”李宪墓/张蕴著.-重庆:重庆出版社,2006.05 |
| 139页:图;23cm.-(博古架丛书.古墓系列) |
| ISBN 7-5366-7713-8:CNY21.80 |
| 本书是一部图文并茂的通俗性考古学读本。它将我们带入大唐太子、“让皇帝”李宪的幽冥地宫,让读者零距离地过一把“后宫佳丽三千人”的桃花瘾,去重拾大唐盛世的华彩乐章。 |
| ● |
| 相关链接 |
|
|
|
正题名:大唐盛世的回声
索取号:K878.84/Z235
 
预约/预借
| 序号 | 登录号 | 条形码 | 馆藏地/架位号 | 状态 | 备注 |
| 1 | 260318 | 202603183 | 社科库309/309社科库 9排3列1层/ [索取号:K878.84/Z235] | 在馆 | |
| 2 | 260319 | 202603192 | 社科库309/309社科库 9排3列1层/ [索取号:K878.84/Z235] | 在馆 | |
| 3 | 260320 | 202603209 | 社科库309/309社科库 9排3列1层/ [索取号:K878.84/Z235] | 在馆 |